000
00307nam a22001337a 4500
008
180306b xxu||||| |||| 00| 0 eng d
020
_a
9781413033083
041
_a
eng
080
_2
10th
_a
82
100
_a
22
101
_a
GJL
245
_a
Literature structure, sound& sense
_c
Arp,Th.R
942
_2
udc
_c
BK
999
_c
44179
_d
44179